[Event "ODEM U25A 2012"]
[Site "Oberhof GER"]
[Date "2012.06.01"]
[Round "8"]
[White "Klinge, Sabina"]
[Black "Kirn, Niklas Johann"]
[Result "0-1"]
[Termination "normal"]
[Board "28"]
[WhiteElo "1447"]
[BlackElo "1687"]
[PlyCount "52"]
[WhiteFideId "12949590"]
[BlackFideId "12910899"]
[EventCountry "GER"]
[EventRounds "9"]
[EventType "swiss"]
[EventDate "2012.05.26"]

1. e4 Nf6 2. e5 Nd5 3. c4 Nb6 4. b3 d6 5. exd6 cxd6 6. Bb2 Nc6 7. Nf3 Bf5 8. d3
d5 9. Be2 dxc4 10. bxc4 Nb4 11. O-O Bxd3 12. Bxd3 Qxd3 13. Na3 Qxd1 14. Rfxd1
Rc8 15. Rd4 f6 16. Re1 e5 17. Rg4 Nd3 18. Rb1 Nxb2 19. Rxb2 Bxa3 20. Rc2 O-O
21. Nh4 f5 22. Rg5 Be7 23. Rxf5 Bxh4 24. Rxe5 Bf6 25. Re4 Rfe8 26. Rxe8+ Rxe8
0-1

[Event "ODEM U25A 2012"]
[Site "Oberhof GER"]
[Date "2012.06.01"]
[Round "8"]
[White "Askri, Samir"]
[Black "Naundorf, Johannes"]
[Result "1/2-1/2"]
[Termination "normal"]
[Board "29"]
[WhiteElo "1795"]
[BlackElo "1494"]
[PlyCount "94"]
[WhiteFideId "12924938"]
[BlackFideId "12950009"]
[EventCountry "GER"]
[EventRounds "9"]
[EventType "swiss"]
[EventDate "2012.05.26"]

1. d4 c5 2. d5 Nf6 3. c4 d6 4. Nc3 g6 5. e4 Bg7 6. Nf3 O-O 7. Be2 Na6 8. O-O
Nc7 9. Ne1 e5 10. Nd3 b6 11. Re1 Re8 12. f4 exf4 13. Bf3 Nd7 14. Bxf4 Ne5 15.
Bxe5 Bxe5 16. Qd2 Bd4+ 17. Kh1 Ba6 18. b3 b5 19. cxb5 Nxb5 20. Nxb5 Bxa1 21.
Nxd6 Qxd6 22. Rxa1 Bxd3 23. Qxd3 Qe5 24. Rd1 Qd6 25. Qc2 Rac8 26. h3 Rc7 27.
Rd2 f5 28. Re2 fxe4 29. Rxe4 Rxe4 30. Bxe4 Re7 31. Kg1 Qg3 32. Kf1 Rf7+ 33. Bf3
Rxf3+ 34. gxf3 Qxf3+ 35. Qf2 Qxf2+ 36. Kxf2 Kf7 37. Kf3 Kf6 38. Kf4 g5+ 39. Kg4
Kg6 40. d6 h5+ 41. Kf3 Kf6 42. Ke4 Ke6 43. d7 Kxd7 44. Kf5 g4 45. hxg4 hxg4 46.
Kxg4 Kc6 47. Kf3 Kb5 1/2-1/2

[Event "ODEM U25A 2012"]
[Site "Oberhof GER"]
[Date "2012.06.01"]
[Round "8"]
[White "Blumenthal, Clemens"]
[Black "Katz, Simon"]
[Result "0-1"]
[Termination "normal"]
[Board "30"]
[WhiteElo "1435"]
[BlackElo "1433"]
[PlyCount "56"]
[WhiteFideId "12938050"]
[BlackFideId "12901296"]
[EventCountry "GER"]
[EventRounds "9"]
[EventType "swiss"]
[EventDate "2012.05.26"]

1. e4 e5 2. Nf3 Nc6 3. d4 exd4 4. Nxd4 Nf6 5. Nxc6 bxc6 6. Bd3 Bc5 7. Nd2 O-O
8. b3 Re8 9. O-O d5 10. Qf3 Bg4 11. Qg3 Qd7 12. e5 Nh5 13. Bxh7+ Kxh7 14. Qc3
Bf8 15. h3 Be6 16. Qf3 g6 17. g4 Ng7 18. Qg3 Be7 19. Nf3 f5 20. Bg5 fxg4 21.
hxg4 Bxg4 22. Qh4+ Nh5 23. Bxe7 Rxe7 24. Ng5+ Kh6 25. Kh2 Rxe5 26. f4 Re2+ 27.
Kh1 d4 28. Rg1 Qd5+ 0-1

[Event "ODEM U25A 2012"]
[Site "Oberhof GER"]
[Date "2012.06.01"]
[Round "8"]
[White "Walther, Felix"]
[Black "Wodzinski, Kristin"]
[Result "1-0"]
[Termination "normal"]
[Board "31"]
[WhiteElo "1586"]
[BlackElo "1692"]
[PlyCount "57"]
[BlackFideId "12923141"]
[EventCountry "GER"]
[EventRounds "9"]
[EventType "swiss"]
[EventDate "2012.05.26"]

1. e4 c5 2. Nf3 d6 3. d4 cxd4 4. Nxd4 Nf6 5. Nc3 a6 6. f3 e5 7. Nde2 Be6 8. Be3
Be7 9. Qd2 b5 10. O-O-O Qc7 11. g4 Nc6 12. h4 Rc8 13. h5 b4 14. Nb1 Bxa2 15. g5
Na5 16. Nbc3 bxc3 17. Nxc3 Nd7 18. Qd3 Bc4 19. Qd2 Bxf1 20. Rhxf1 Nc4 21. Qd3
Nxe3 22. Qxe3 Nb6 23. Rf2 Nc4 24. Qd3 Bxg5+ 25. Kb1 Rb8 26. b3 Ke7 27. Nd5+ Kd7
28. Nxc7 Na5 29. Qxd6+ 1-0

[Event "ODEM U25A 2012"]
[Site "Oberhof GER"]
[Date "2012.06.02"]
[Round "9"]
[White "Figura, Atila Gajo"]
[Black "Nötzel, Felix"]
[Result "1-0"]
[Termination "normal"]
[Board "1"]
[WhiteTitle "FM"]
[WhiteElo "2351"]
[BlackElo "2106"]
[PlyCount "71"]
[WhiteFideId "4688058"]
[BlackFideId "24637416"]
[EventCountry "GER"]
[EventRounds "9"]
[EventType "swiss"]
[EventDate "2012.05.26"]

1. Nf3 d5 2. g3 Nd7 3. c4 c6 4. Qc2 Ngf6 5. d4 e6 6. Bg2 Ne4 7. O-O Bd6 8. b3
Qe7 9. Bb2 O-O 10. Nbd2 f5 11. Ne5 Nxe5 12. dxe5 Bc5 13. e3 Bd7 14. Rac1 Bb4
15. Nb1 Rfd8 16. a3 Ba5 17. b4 Bc7 18. f3 Ng5 19. Nd2 Bb6 20. c5 Bc7 21. f4 Ne4
22. Bxe4 fxe4 23. Nb3 Rf8 24. Nd4 Qf7 25. Qe2 g5 26. Kh1 gxf4 27. gxf4 h6 28.
f5 exf5 29. e6 Bxe6 30. Rg1+ Kh7 31. Nxe6 Rg8 32. Nxc7 Qxc7 33. Qh5 Qd7 34.
Rcf1 Rxg1+ 35. Rxg1 Qe6 36. Rg7+ 1-0

[Event "ODEM U25A 2012"]
[Site "Oberhof GER"]
[Date "2012.06.02"]
[Round "9"]
[White "Grötzbach, Daniel"]
[Black "Holle, Cedric"]
[Result "0-1"]
[Termination "normal"]
[Board "2"]
[WhiteElo "1896"]
[BlackElo "1840"]
[PlyCount "66"]
[WhiteFideId "24692166"]
[BlackFideId "24692158"]
[EventCountry "GER"]
[EventRounds "9"]
[EventType "swiss"]
[EventDate "2012.05.26"]

1. e4 e6 2. d4 d5 3. Nc3 Nf6 4. e5 Nfd7 5. f4 c5 6. Nf3 Nc6 7. Be3 Be7 8. Be2
O-O 9. O-O a6 10. Qd2 b5 11. a3 Qb6 12. dxc5 Bxc5 13. Bxc5 Qxc5+ 14. Kh1 f6 15.
exf6 Nxf6 16. Ne5 Bb7 17. Nxc6 Bxc6 18. Bf3 Rac8 19. Ne2 Bd7 20. Nd4 Qb6 21.
Rae1 a5 22. f5 exf5 23. Nxf5 Bxf5 24. Bxd5+ Nxd5 25. Qxd5+ Be6 26. Qe5 Rxf1+
27. Rxf1 Rxc2 28. Re1 Bf7 29. Qf5 Qc6 30. Qg5 h6 31. Qd8+ Kh7 32. Qd3+ Bg6 33.
Qg3 Be4 0-1

[Event "ODEM U25A 2012"]
[Site "Oberhof GER"]
[Date "2012.06.02"]
[Round "9"]
[White "Ott, Florian"]
[Black "Wurm, Alexander"]
[Result "0-1"]
[Termination "normal"]
[Board "3"]
[WhiteElo "1976"]
[BlackElo "2059"]
[PlyCount "86"]
[WhiteFideId "12900281"]
[BlackFideId "24637246"]
[EventCountry "GER"]
[EventRounds "9"]
[EventType "swiss"]
[EventDate "2012.05.26"]

1. d4 d5 2. c4 dxc4 3. e4 e5 4. Nf3 exd4 5. Bxc4 Bb4+ 6. Bd2 Bxd2+ 7. Nbxd2 c5
8. b4 cxb4 9. Nb3 Nc6 10. Nbxd4 Nge7 11. Nb5 Qxd1+ 12. Rxd1 O-O 13. Nd6 Bg4 14.
Nxb7 Bxf3 15. gxf3 Ne5 16. Be2 N7g6 17. Rd4 Nf4 18. Kd2 a5 19. Rc1 Rfb8 20. Nd6
a4 21. Nc4 Nxe2 22. Kxe2 Nxc4 23. Rdxc4 b3 24. a3 g5 25. Kd2 b2 26. Rb1 Rb3 27.
Ke2 Ra5 28. Kd2 Rxa3 29. Rxb2 Rxf3 30. Ke2 Rb3 31. Rxb3 axb3 32. Rb4 Ra2+ 33.
Ke3 Rb2 34. f4 g4 35. Rb5 Rxh2 36. Rg5+ Kf8 37. Rxg4 b2 38. Rg1 h5 39. f5 f6
40. Kf4 h4 41. Kg4 Ke7 42. Rd1 Ke8 43. Kh5 Rc2 0-1

[Event "ODEM U25A 2012"]
[Site "Oberhof GER"]
[Date "2012.06.02"]
[Round "9"]
[White "Kieslich, Aaron"]
[Black "Zimmermann, Christian"]
[Result "1-0"]
[Termination "normal"]
[Board "4"]
[WhiteElo "1979"]
[BlackElo "1878"]
[PlyCount "99"]
[WhiteFideId "1270391"]
[BlackFideId "24692069"]
[EventCountry "GER"]
[EventRounds "9"]
[EventType "swiss"]
[EventDate "2012.05.26"]

1. d4 Nf6 2. c4 g6 3. Nc3 d5 4. Nf3 Bg7 5. Bf4 O-O 6. Rc1 dxc4 7. e4 Bg4 8.
Bxc4 Nh5 9. Be3 Bxf3 10. gxf3 e5 11. dxe5 Bxe5 12. Qxd8 Rxd8 13. Ne2 Nd7 14. f4
Bd6 15. O-O Nb6 16. Bb3 c6 17. e5 Be7 18. Nc3 Ng7 19. Rfd1 Nf5 20. Ne4 Nxe3 21.
fxe3 Kg7 22. Kf2 Rac8 23. Kf3 Nd5 24. Nf2 Nc7 25. Ne4 Nd5 26. Bxd5 cxd5 27. Nc3
f6 28. exf6+ Bxf6 29. Ne2 Rc6 30. Rxc6 bxc6 31. Nd4 Bxd4 32. exd4 Re8 33. Rc1
Re6 34. Rc5 Kf6 35. b4 g5 36. fxg5+ Kxg5 37. b5 Rf6+ 38. Ke3 cxb5 39. Rxd5+ Kg4
40. Rxb5 Rf3+ 41. Ke4 Ra3 42. Rb2 Kg5 43. Rf2 Rc3 44. d5 Rc1 45. Ke5 Re1+ 46.
Kd6 Kg6 47. Kd7 Rd1 48. d6 Kg5 49. Kc7 a5 50. Rc2 1-0

[Event "ODEM U25A 2012"]
[Site "Oberhof GER"]
[Date "2012.06.02"]
[Round "9"]
[White "Baier, Christoph"]
[Black "Carow, Annelen"]
[Result "1/2-1/2"]
[Termination "normal"]
[Board "5"]
[WhiteElo "1927"]
[BlackElo "1957"]
[PlyCount "47"]
[WhiteFideId "24655759"]
[BlackFideId "24692492"]
[EventCountry "GER"]
[EventRounds "9"]
[EventType "swiss"]
[EventDate "2012.05.26"]

1. d4 Nf6 2. Nf3 c5 3. c4 cxd4 4. Nxd4 b6 5. Nc3 Bb7 6. f3 d6 7. e4 e6 8. Be3
a6 9. Be2 Qc7 10. O-O Be7 11. Rc1 O-O 12. Qd2 Nbd7 13. Rfd1 Rac8 14. b3 Qb8 15.
Bf1 Bd8 16. Qf2 Bc7 17. g3 Rfe8 18. Nde2 Ba8 19. a4 Ne5 20. Bg2 Rcd8 21. h3
Ned7 22. Rc2 h5 23. Rcd2 Rc8 24. Kh1 1/2-1/2

[Event "ODEM U25A 2012"]
[Site "Oberhof GER"]
[Date "2012.06.02"]
[Round "9"]
[White "Usczeck, Lukas"]
[Black "Feldheim, Jonas"]
[Result "1-0"]
[Termination "normal"]
[Board "6"]
[WhiteElo "1766"]
[BlackElo "2005"]
[PlyCount "43"]
[WhiteFideId "12937827"]
[BlackFideId "24697583"]
[EventCountry "GER"]
[EventRounds "9"]
[EventType "swiss"]
[EventDate "2012.05.26"]

1. d4 d5 2. Nf3 e6 3. Nc3 Nf6 4. Bg5 Nbd7 5. e4 h6 6. Bxf6 Nxf6 7. Bd3 Bb4 8.
Qe2 dxe4 9. Bxe4 O-O 10. O-O Nxe4 11. Nxe4 Re8 12. c3 Bf8 13. Ne5 c6 14. f4 Qc7
15. Rf3 b6 16. Rg3 Kh8 17. Qh5 Re7 18. Ng5 g6 19. Ngxf7+ Rxf7 20. Nxg6+ Kg7 21.
Ne7+ Kf6 22. Ng8# 1-0

[Event "ODEM U25A 2012"]
[Site "Oberhof GER"]
[Date "2012.06.02"]
[Round "9"]
[White "Adelhütte, Dennis"]
[Black "Höpfner, Tim"]
[Result "0-1"]
[Termination "normal"]
[Board "7"]
[WhiteElo "1982"]
[BlackElo "1942"]
[PlyCount "74"]
[WhiteFideId "4661265"]
[BlackFideId "4638310"]
[EventCountry "GER"]
[EventRounds "9"]
[EventType "swiss"]
[EventDate "2012.05.26"]

1. c4 g6 2. Nc3 Bg7 3. g3 f5 4. Nf3 e5 5. d3 Ne7 6. Bg2 d6 7. O-O O-O 8. Bd2 h6
9. Rb1 Kh7 10. b4 Nd7 11. a4 Rb8 12. e3 g5 13. a5 Ng6 14. Ne1 Nf6 15. Nc2 f4
16. d4 Bf5 17. e4 Bd7 18. d5 Qc8 19. f3 g4 20. Ne1 h5 21. Nd3 Bh6 22. gxf4 Bxf4
23. Nxf4 exf4 24. Ne2 gxf3 25. Rxf3 Bg4 26. Rc3 Nh4 27. Bxf4 Nxg2 28. Kxg2 Nxe4
29. Qd3 Bf5 30. Qe3 Rg8+ 31. Kh1 Nf2+ 32. Qxf2 Be4+ 33. Rf3 Bxb1 34. Nc3 Bg6
35. Qxa7 Qg4 36. Qe3 Rbe8 37. Qf2 Re1+ 0-1

[Event "ODEM U25A 2012"]
[Site "Oberhof GER"]
[Date "2012.06.02"]
[Round "9"]
[White "Münch, Robert"]
[Black "Valet, Alexander"]
[Result "1/2-1/2"]
[Termination "normal"]
[Board "8"]
[WhiteElo "1953"]
[BlackElo "1910"]
[PlyCount "60"]
[WhiteFideId "4626028"]
[BlackFideId "24682560"]
[EventCountry "GER"]
[EventRounds "9"]
[EventType "swiss"]
[EventDate "2012.05.26"]

1. d4 Nf6 2. Bg5 e6 3. e4 Be7 4. Bd3 d5 5. e5 Nfd7 6. Bxe7 Qxe7 7. c3 c5 8. Nf3
Nc6 9. a3 Nb6 10. Nbd2 Bd7 11. b4 cxb4 12. cxb4 O-O 13. O-O Rfc8 14. Nb3 a6 15.
Nfd2 Nd8 16. Qe2 Na4 17. f4 g6 18. Nc5 Nc3 19. Qf3 Bb5 20. a4 b6 21. axb5 bxc5
22. bxc5 Nxb5 23. Bxb5 axb5 24. Qb3 Nc6 25. Nf3 b4 26. Qb2 Ra7 27. Rxa7 Qxa7
28. Ra1 Qb7 29. Nd2 Ra8 30. Nb3 Kf8 1/2-1/2

[Event "ODEM U25A 2012"]
[Site "Oberhof GER"]
[Date "2012.06.02"]
[Round "9"]
[White "Diller, Daniel"]
[Black "Humburg, Philipp"]
[Result "1/2-1/2"]
[Termination "normal"]
[Board "9"]
[WhiteElo "1809"]
[BlackElo "1840"]
[PlyCount "77"]
[WhiteFideId "12908983"]
[BlackFideId "24656151"]
[EventCountry "GER"]
[EventRounds "9"]
[EventType "swiss"]
[EventDate "2012.05.26"]

1. c4 Nf6 2. g3 g6 3. Bg2 Bg7 4. Nc3 O-O 5. e4 d6 6. Nge2 c5 7. O-O Nc6 8. d3
a6 9. h3 Rb8 10. a4 Ne8 11. Be3 Nd4 12. Rb1 b5 13. axb5 axb5 14. Bxd4 cxd4 15.
Nxb5 Qb6 16. b4 Bd7 17. Na3 Nc7 18. Nf4 Na6 19. Nd5 Qd8 20. b5 Nc5 21. Nc2 e6
22. Ndb4 f5 23. exf5 gxf5 24. Na6 Rb6 25. Nxc5 dxc5 26. f4 e5 27. Qf3 Kh8 28.
Qd5 Qc7 29. Ra1 Be6 30. Qf3 e4 31. Qe2 Bxc4 32. dxc4 d3 33. Qd2 dxc2 34. Ra2
Rd6 35. Qxc2 Qd7 36. Qa4 e3 37. Bd5 Rd8 38. Qa7 Bd4 39. Kh2 1/2-1/2

[Event "ODEM U25A 2012"]
[Site "Oberhof GER"]
[Date "2012.06.02"]
[Round "9"]
[White "Mann, Johannes"]
[Black "Linnemann, Niklas"]
[Result "1-0"]
[Termination "normal"]
[Board "10"]
[WhiteElo "1859"]
[BlackElo "1932"]
[PlyCount "47"]
[WhiteFideId "24691380"]
[BlackFideId "24695645"]
[EventCountry "GER"]
[EventRounds "9"]
[EventType "swiss"]
[EventDate "2012.05.26"]

1. e4 c5 2. Nc3 Nc6 3. g3 g6 4. Bg2 Bg7 5. d3 d6 6. f4 e6 7. Nf3 Nge7 8. O-O
O-O 9. Be3 Nd4 10. e5 Nef5 11. Bf2 Bd7 12. Ne4 Nxf3+ 13. Bxf3 dxe5 14. fxe5 Nd4
15. Bg2 b6 16. Bxd4 cxd4 17. Nf6+ Bxf6 18. exf6 Rc8 19. Qd2 Kh8 20. Qh6 Rg8 21.
Rf4 g5 22. Be4 Rg6 23. Bxg6 Qg8 24. Qg7+ 1-0

[Event "ODEM U25A 2012"]
[Site "Oberhof GER"]
[Date "2012.06.02"]
[Round "9"]
[White "Peters, Tom"]
[Black "Pererva, Viktor"]
[Result "0-1"]
[Termination "normal"]
[Board "11"]
[WhiteElo "1786"]
[BlackElo "1967"]
[PlyCount "104"]
[WhiteFideId "24694444"]
[BlackFideId "24696463"]
[EventCountry "GER"]
[EventRounds "9"]
[EventType "swiss"]
[EventDate "2012.05.26"]

1. e4 e5 2. Bc4 Nf6 3. d3 Nc6 4. Nf3 Bc5 5. c3 a6 6. Bb3 d6 7. h3 h6 8. Nbd2
O-O 9. Nf1 Ba7 10. Ng3 Re8 11. Qe2 Be6 12. Bc2 d5 13. Nh4 Nxe4 14. dxe4 Qxh4
15. exd5 Bxd5 16. Bd2 Nd4 17. cxd4 exd4 18. Be3 dxe3 19. O-O-O Be6 20. Qd3 g6
21. Qc3 Qc4 22. Qf6 exf2 23. b3 Be3+ 24. Kb1 Qf4 25. Qxf4 Bxf4 26. Ne4 Be5 27.
Nxf2 Bg7 28. Be4 c6 29. Rd6 Kf8 30. Rhd1 Ke7 31. Kc2 Red8 32. Rxd8 Rxd8 33. Rf1
f5 34. Bd3 h5 35. g4 hxg4 36. hxg4 fxg4 37. Bxg6 Rf8 38. Bd3 g3 39. Ne4 Rxf1
40. Bxf1 Be5 41. Kd2 Bf4+ 42. Kd3 Bd5 43. Bg2 b6 44. Kd4 Ke6 45. Bh3+ Kf7 46.
Nc3 Bf3 47. a4 a5 48. Ne2 Bxe2 49. Bg2 Bd1 50. Kc4 Ke6 51. b4 Bxa4 52. bxa5
bxa5 0-1

[Event "ODEM U25A 2012"]
[Site "Oberhof GER"]
[Date "2012.06.02"]
[Round "9"]
[White "Hoffmann, Tim"]
[Black "Tobianski, Fabian"]
[Result "1-0"]
[Termination "normal"]
[Board "12"]
[WhiteElo "1945"]
[BlackElo "1628"]
[PlyCount "75"]
[WhiteFideId "12900338"]
[BlackFideId "12952001"]
[EventCountry "GER"]
[EventRounds "9"]
[EventType "swiss"]
[EventDate "2012.05.26"]

1. e4 e6 2. d4 d5 3. Nd2 Nf6 4. e5 Nfd7 5. Bd3 c5 6. c3 Nc6 7. Ne2 cxd4 8. cxd4
f6 9. exf6 Nxf6 10. Nf3 Bd6 11. Bf4 Bxf4 12. Nxf4 O-O 13. O-O Ne4 14. Ne2 Ng5
15. Ne5 Qb6 16. Nxc6 bxc6 17. f4 Nf7 18. Qc2 h6 19. Rac1 Ba6 20. Bxa6 Qxa6 21.
Rf3 Rac8 22. Rg3 Rc7 23. Nc3 Qb6 24. Rd1 Nd6 25. Na4 Qb7 26. Nc5 Qc8 27. Rg6
Re7 28. Qe2 Rfe8 29. Rd3 Nb7 30. Nxb7 Qxb7 31. Rdg3 Kf8 32. h3 Qc7 33. Qg4 Qd7
34. Rxh6 Rf7 35. Rh8+ Ke7 36. Qg5+ Rf6 37. Qxg7+ Rf7 38. Qxf7+ 1-0

[Event "ODEM U25A 2012"]
[Site "Oberhof GER"]
[Date "2012.06.02"]
[Round "9"]
[White "Berger, Manuel"]
[Black "Lansky, Georg"]
[Result "0-1"]
[Termination "normal"]
[Board "13"]
[WhiteElo "1888"]
[BlackElo "1792"]
[PlyCount "80"]
[WhiteFideId "24692506"]
[BlackFideId "1270625"]
[EventCountry "GER"]
[EventRounds "9"]
[EventType "swiss"]
[EventDate "2012.05.26"]

1. e4 e5 2. Nf3 Nc6 3. Bc4 Bc5 4. d3 Nf6 5. O-O d6 6. c3 Bg4 7. h3 Be6 8. Bb3
O-O 9. Bxe6 fxe6 10. Qb3 Qc8 11. Nbd2 Bb6 12. Re1 Qd7 13. Nf1 h6 14. Be3 Qf7
15. Bxb6 axb6 16. d4 exd4 17. cxd4 Nd7 18. d5 exd5 19. Qxd5 Qxd5 20. exd5 Nb4
21. Re7 Rf7 22. Rxf7 Kxf7 23. Ne3 Rxa2 24. Rxa2 Nxa2 25. Nd4 Nb4 26. Ne6 Nxd5
27. Nxd5 Kxe6 28. Nxc7+ Ke5 29. Kf1 Nc5 30. Ke2 Na4 31. b3 Nc5 32. b4 Na6 33.
f4+ Kxf4 34. Ne8 Nxb4 35. Nxd6 Nd5 36. Nxb7 Kg3 37. Kf1 Ne3+ 38. Kg1 Nxg2 39.
Nd6 Ne3 40. Ne8 Nf5 0-1

[Event "ODEM U25A 2012"]
[Site "Oberhof GER"]
[Date "2012.06.02"]
[Round "9"]
[White "Gubela, Hans-Erich Constantin"]
[Black "Torzinski, Nils"]
[Result "1/2-1/2"]
[Termination "normal"]
[Board "14"]
[WhiteElo "1740"]
[BlackElo "1778"]
[PlyCount "42"]
[WhiteFideId "24692140"]
[BlackFideId "24695840"]
[EventCountry "GER"]
[EventRounds "9"]
[EventType "swiss"]
[EventDate "2012.05.26"]

1. e4 e5 2. Nf3 Nc6 3. Bc4 Bc5 4. c3 Nf6 5. d4 exd4 6. cxd4 Bb4+ 7. Kf1 Nxe4 8.
d5 Ne7 9. Qd4 Nf6 10. Bg5 Ng6 11. Nbd2 Be7 12. Re1 O-O 13. h4 a5 14. Qc3 h5 15.
d6 Bxd6 16. Qd3 Be7 17. Rxe7 Qxe7 18. Qxg6 d5 19. Bxf6 Qxf6 20. Qxf6 gxf6 21.
Bxd5 Be6 1/2-1/2

[Event "ODEM U25A 2012"]
[Site "Oberhof GER"]
[Date "2012.06.02"]
[Round "9"]
[White "Myagkov, Kirill"]
[Black "Kast, Joannis"]
[Result "1/2-1/2"]
[Termination "normal"]
[Board "16"]
[WhiteElo "1861"]
[BlackElo "1758"]
[PlyCount "74"]
[WhiteFideId "24657042"]
[BlackFideId "24698776"]
[EventCountry "GER"]
[EventRounds "9"]
[EventType "swiss"]
[EventDate "2012.05.26"]

1. e4 e5 2. f4 exf4 3. Nf3 Ne7 4. Bc4 d5 5. exd5 Nxd5 6. Qe2+ Be6 7. Nd4 Qd7 8.
Nc3 c6 9. Qe5 Qd6 10. Qe4 Nf6 11. Qd3 Bxc4 12. Qxc4 Qe5+ 13. Qe2 Qxe2+ 14.
Ndxe2 Bd6 15. d4 O-O 16. Bxf4 Bxf4 17. Nxf4 Re8+ 18. Kd2 Na6 19. Rae1 Kf8 20.
Kc1 Nc7 21. Rhf1 Rxe1+ 22. Rxe1 Rd8 23. Rd1 Ncd5 24. Nfxd5 Nxd5 25. Nxd5 Rxd5
26. c3 Rf5 27. Rd2 Ke7 28. Kc2 Rf1 29. Kd3 f5 30. c4 h6 31. b3 Re1 32. Re2+
Rxe2 33. Kxe2 g5 34. Ke3 Kd6 35. Kf3 b6 36. Ke3 a6 37. Kf3 Ke6 1/2-1/2

[Event "ODEM U25A 2012"]
[Site "Oberhof GER"]
[Date "2012.06.02"]
[Round "9"]
[White "Reimers, Juri"]
[Black "Theurich, Joel"]
[Result "1/2-1/2"]
[Termination "normal"]
[Board "17"]
[WhiteElo "1729"]
[BlackElo "1792"]
[PlyCount "72"]
[WhiteFideId "24661511"]
[BlackFideId "12930393"]
[EventCountry "GER"]
[EventRounds "9"]
[EventType "swiss"]
[EventDate "2012.05.26"]

1. e4 e5 2. Nf3 Nc6 3. d4 exd4 4. Nxd4 Nf6 5. Nc3 Bb4 6. Nxc6 bxc6 7. Bd3 Bxc3+
8. bxc3 Qe7 9. O-O O-O 10. Bg5 h6 11. Bh4 Qe5 12. Qe1 Re8 13. Qd2 d6 14. f3 Bd7
15. Bf2 a5 16. Rab1 Reb8 17. Bc4 Qe7 18. Rb3 a4 19. Rbb1 Be6 20. Qe2 c5 21.
Rfd1 Rb6 22. Rxb6 cxb6 23. Bg3 Rd8 24. a3 Nh5 25. Bd5 Nxg3 26. hxg3 Bxd5 27.
Rxd5 Qc7 28. c4 f6 29. Rd1 Qe7 30. Qd3 Kh8 31. Rb1 Qc7 32. Rb5 Rb8 33. c3 Ra8
34. Qd5 Re8 35. Rb1 Rd8 36. Qe6 Kh7 1/2-1/2

[Event "ODEM U25A 2012"]
[Site "Oberhof GER"]
[Date "2012.06.02"]
[Round "9"]
[White "Hollatz, Michael"]
[Black "Scheinhütte, Jakob"]
[Result "1-0"]
[Termination "normal"]
[Board "18"]
[WhiteElo "1653"]
[BlackElo "1661"]
[PlyCount "45"]
[WhiteFideId "4622820"]
[BlackFideId "24693944"]
[EventCountry "GER"]
[EventRounds "9"]
[EventType "swiss"]
[EventDate "2012.05.26"]

1. e4 e6 2. d4 d5 3. e5 c5 4. c3 Nc6 5. Nf3 Nge7 6. Bd3 Bd7 7. a3 a5 8. Be3
cxd4 9. cxd4 Ng6 10. Nc3 Be7 11. O-O O-O 12. Rc1 Be8 13. Qb3 Rb8 14. Ne1 f6 15.
f4 fxe5 16. fxe5 Rxf1+ 17. Bxf1 Nh4 18. Ne2 Nf5 19. Bf2 Bg5 20. Rc3 Bg6 21. Nf3
h6 22. Nxg5 Qxg5 23. Rxc6 1-0

[Event "ODEM U25A 2012"]
[Site "Oberhof GER"]
[Date "2012.06.02"]
[Round "9"]
[White "Ospina Ocampo, Camilo"]
[Black "Martin, Raphael"]
[Result "1-0"]
[Termination "normal"]
[Board "19"]
[WhiteElo "1972"]
[BlackElo "1511"]
[PlyCount "100"]
[WhiteFideId "12907030"]
[BlackFideId "12952036"]
[EventCountry "GER"]
[EventRounds "9"]
[EventType "swiss"]
[EventDate "2012.05.26"]

1. e4 e5 2. Nf3 Nc6 3. Bb5 a6 4. Ba4 Nf6 5. O-O Be7 6. Re1 b5 7. Bb3 O-O 8. c3
d5 9. exd5 Nxd5 10. Nxe5 Nxe5 11. Rxe5 Nf6 12. h3 Bd6 13. Re1 Bf5 14. d4 Ne4
15. Qf3 Bg6 16. Bd5 Bh2+ 17. Kxh2 Qxd5 18. Bf4 c6 19. Nd2 Rfe8 20. Nf1 Nf6 21.
Qxd5 Nxd5 22. Rxe8+ Rxe8 23. Be3 Bd3 24. Kg1 Kf8 25. Re1 f5 26. Bd2 Rxe1 27.
Bxe1 Ke7 28. Nd2 Nb6 29. b3 f4 30. g3 fxg3 31. fxg3 Nd5 32. Nf3 Bf5 33. Ne5 Kd6
34. g4 Bc8 35. Bd2 h6 36. Kf2 Bb7 37. c4 Ne7 38. Bb4+ Ke6 39. Bxe7 Kxe7 40. c5
Ke6 41. Ke3 Kd5 42. Nf7 Bc8 43. Nd6 Bd7 44. Nf5 h5 45. Nxg7 hxg4 46. hxg4 Bxg4
47. Ne8 Ke6 48. Nc7+ Kf5 49. Nxa6 Ke6 50. Nb4 Bf5 1-0

[Event "ODEM U25A 2012"]
[Site "Oberhof GER"]
[Date "2012.06.02"]
[Round "9"]
[White "Vergin, Marcel"]
[Black "Schirra, Felix"]
[Result "1-0"]
[Termination "normal"]
[Board "20"]
[WhiteElo "1565"]
[BlackElo "1636"]
[PlyCount "107"]
[BlackFideId "24692662"]
[EventCountry "GER"]
[EventRounds "9"]
[EventType "swiss"]
[EventDate "2012.05.26"]

1. d4 Nf6 2. c4 g6 3. f3 c5 4. d5 d6 5. e4 Bg7 6. Nc3 a6 7. Be3 Bd7 8. Qd2 Qa5
9. a4 h5 10. h3 b5 11. cxb5 axb5 12. Nxb5 Qb6 13. Bc4 Bxb5 14. Bxb5+ Nfd7 15.
Ne2 Na6 16. O-O Nc7 17. Nc3 Nxb5 18. Nxb5 O-O 19. Bh6 Rfc8 20. Bxg7 Kxg7 21.
Kh1 f6 22. Rfc1 Nb8 23. b4 Na6 24. bxc5 Nxc5 25. Qe3 Rxa4 26. Rab1 Rb8 27. Nc3
Rb4 28. Rxb4 Qxb4 29. Rb1 Nb3 30. Ne2 Qc4 31. Nd4 Nxd4 32. Rxb8 h4 33. Rb2 g5
34. Kh2 Kf7 35. Qd2 Nb3 36. Qc2 Qxc2 37. Rxc2 Nc5 38. g3 hxg3+ 39. Kxg3 e6 40.
dxe6+ Kxe6 41. Rd2 Ke5 42. Rd5+ Ke6 43. Kf2 Nd7 44. Ke3 Ne5 45. f4 gxf4+ 46.
Kxf4 f5 47. Rd1 fxe4 48. Kxe4 Nf7 49. h4 Kf6 50. Rg1 Ne5 51. h5 Nf7 52. Rg6+
Ke7 53. h6 Nh8 54. Rg8 1-0

[Event "ODEM U25A 2012"]
[Site "Oberhof GER"]
[Date "2012.06.02"]
[Round "9"]
[White "Salz, Matthias"]
[Black "Becker, Dirk"]
[Result "0-1"]
[Termination "normal"]
[Board "21"]
[WhiteElo "1577"]
[BlackElo "1720"]
[PlyCount "46"]
[WhiteFideId "12943312"]
[BlackFideId "12938564"]
[EventCountry "GER"]
[EventRounds "9"]
[EventType "swiss"]
[EventDate "2012.05.26"]

1. c4 e6 2. g3 d5 3. Bg2 Nf6 4. Nf3 Be7 5. O-O O-O 6. b3 c6 7. Bb2 Nbd7 8. e3
b6 9. Nc3 Bb7 10. Qe2 Rc8 11. Rfd1 h6 12. d4 Ba6 13. Bf1 Rc7 14. Qe1 Qc8 15.
Ne5 dxc4 16. bxc4 Rd8 17. Rd2 c5 18. Rad1 cxd4 19. exd4 Bb4 20. d5 exd5 21.
Nxd5 Nxd5 22. Nxd7 Bxd2 23. Qe5 Bc3 0-1